[Event "Davao City MDYCC 5th"]
[Site "Davao City"]
[Date "2020.02.09"]
[Round "4"]
[White "Solis, Cesabel"]
[Black "Arca, Christian Gian Karl"]
[Result "0-1"]
[WhiteElo "1578"]
[BlackElo "1782"]
[PlyCount "104"]
[EventDate "2020.02.08"]
[EventType "tourn"]
[EventRounds "9"]
[EventCountry "PHI"]
[SourceTitle "CBM 195 Extra"]
[Source "ChessBase"]
[SourceDate "2020.05.31"]
[SourceVersion "1"]
[SourceVersionDate "2020.05.31"]
[SourceQuality "1"]

1. c4 c6 2. Nc3 d5 3. e3 Nf6 4. Nf3 Bf5 5. cxd5 cxd5 6. Qa4+ Nc6 7. Bb5 Qc7 8. Ne5 Qxe5 9. Bxc6+ Bd7 10. Bxd7+ Nxd7 11. 0-0 e6 12. b3 a6 13. Rb1 Rc8 14. Bb2 Bd6 15. f4 Qh5 16. Nd1 Rg8 17. Nf2 g5 18. g3 gxf4 19. exf4 Qh4 20. Nh1 Rc6 21. Rbc1 Rxc1 22. Bxc1 Bc5+ 23. Kg2 Rg6 24. Ba3 Ba7 25. Bd6 Qh5 26. d4 Qe2+ 27. Nf2 Qe3 28. Rd1 h5 29. Rd3 Qc1 30. Qa3 Qc6 31. Qb4 Qb6 32. Rc3 f5 33. Rc8+ Kf7 34. Qxb6 Bxb6 35. Bc5 Rg8 36. Rxg8 Kxg8 37. Bxb6 Nxb6 38. Nd3 Nd7 39. Ne5 Nf6 40. Kf3 Kf8 41. Nd3 b6 42. b4 Ke7 43. Ne5 Ne4 44. h3 Nc3 45. a3 Nb5 46. Nc6+ Kd6 47. a4 Kxc6 48. axb5+ Kxb5 49. Ke3 Kxb4 50. Kf3 a5 51. Ke2 Kb3 52. Kd2 Kb2 0-1